00433cam a2200157ua 45000010005000000080039000050200018000440400009000620820012000711000025000832450050001082600057001583000013002156530012002286530035002405656131007n ii |||gr||||Z||||||eng a81-215-0015-X cMAIN a954.162 aBaruah,S.L,eAuthor. aComprehensive History of AssamcBy S.L.Baruah aNew Delhi:bMunshiram Manorharlal Publishers,c2002. axi,456p. aHistory aComprehensive History of Assam